[Event "NK21_Hoogeveen Open"]
[Site "Hoogeveen, Netherlands"]
[Date "2021.10.19"]
[Round "5.1"]
[White "Van Der Hagen, Loek"]
[Black "Bezemer, Arno"]
[Result "0-1"]
[WhiteElo "2010"]
[BlackElo "2283"]

1. e4 {[%clk 01:30:58]} {[%emt 00:00:01]} c5 {[%clk 01:30:55]} {[%emt
00:00:05]} 2. Nf3 {[%clk 01:31:25]} {[%emt 00:00:04]} d6 {[%clk 01:31:20]}
{[%emt 00:00:05]} 3. d4 {[%clk 01:31:52]} {[%emt 00:00:03]} cxd4 {[%clk
01:31:46]} {[%emt 00:00:04]} 4. Nxd4 {[%clk 01:32:19]} {[%emt 00:00:03]} Nf6
{[%clk 01:32:10]} {[%emt 00:00:06]} 5. Nc3 {[%clk 01:32:45]} {[%emt 00:00:04]}
Bd7 {[%clk 01:32:36]} {[%emt 00:00:04]} 6. Bg5 {[%clk 01:31:46]} {[%emt
00:01:29]} e6 {[%clk 01:32:50]} {[%emt 00:00:16]} 7. f4 {[%clk 01:30:19]}
{[%emt 00:01:57]} Nc6 {[%clk 01:30:31]} {[%emt 00:02:48]} 8. Qd2 {[%clk
01:26:51]} {[%emt 00:03:58]} h6 {[%clk 01:30:06]} {[%emt 00:00:55]} 9. Bxf6
{[%clk 01:24:57]} {[%emt 00:02:24]} Qxf6 {[%clk 01:29:22]} {[%emt 00:01:13]} 10.
Ndb5 {[%clk 01:19:09]} {[%emt 00:06:18]} O-O-O {[%clk 01:27:08]} {[%emt
00:02:44]} 11. O-O-O {[%clk 01:17:31]} {[%emt 00:02:08]} a6 {[%clk 01:20:37]}
{[%emt 00:07:02]} 12. Na3 {[%clk 01:15:35]} {[%emt 00:02:26]} d5 {[%clk
01:03:32]} {[%emt 00:17:35]} 13. Nab1 {[%clk 01:05:48]} {[%emt 00:10:16]} d4
{[%clk 00:53:51]} {[%emt 00:10:10]} 14. Ne2 {[%clk 01:04:32]} {[%emt 00:01:46]}
Nb4 {[%clk 00:50:46]} {[%emt 00:03:36]} 15. b3 {[%clk 00:53:20]} {[%emt
00:11:42]} Nxa2+ {[%clk 00:45:20]} {[%emt 00:05:55]} 16. Kb2 {[%clk 00:53:37]}
{[%emt 00:00:13]} Nc3 {[%clk 00:44:01]} {[%emt 00:01:50]} 17. Nbxc3 {[%clk
00:53:08]} {[%emt 00:00:59]} dxc3+ {[%clk 00:44:11]} {[%emt 00:00:20]} 18.
Qxc3+ {[%clk 00:53:19]} {[%emt 00:00:19]} Qxc3+ {[%clk 00:44:33]} {[%emt
00:00:08]} 19. Nxc3 {[%clk 00:53:43]} {[%emt 00:00:06]} g5 {[%clk 00:41:46]}
{[%emt 00:03:17]} 20. g3 {[%clk 00:46:28]} {[%emt 00:07:45]} Bc5 {[%clk
00:40:59]} {[%emt 00:01:16]} 21. Bh3 {[%clk 00:30:55]} {[%emt 00:16:03]} Rhg8
{[%clk 00:33:16]} {[%emt 00:08:13]} 22. f5 {[%clk 00:16:20]} {[%emt 00:15:05]}
g4 {[%clk 00:29:46]} {[%emt 00:03:59]} 23. Bg2 {[%clk 00:15:18]} {[%emt
00:01:32]} exf5 {[%clk 00:27:02]} {[%emt 00:03:14]} 24. Rhf1 {[%clk 00:15:05]}
{[%emt 00:00:43]} Bc6 {[%clk 00:18:47]} {[%emt 00:08:45]} 25. Rxd8+ {[%clk
00:13:33]} {[%emt 00:02:02]} Rxd8 {[%clk 00:18:47]} {[%emt 00:00:30]} 26. Rxf5
{[%clk 00:13:13]} {[%emt 00:00:50]} Bg1 {[%clk 00:18:22]} {[%emt 00:00:55]} 27.
Bf1 {[%clk 00:03:10]} {[%emt 00:10:34]} Rd2 {[%clk 00:08:06]} {[%emt 00:10:46]}
28. Rxf7 {[%clk 00:02:22]} {[%emt 00:01:18]} Bd4 {[%clk 00:07:43]} {[%emt
00:00:52]} 29. b4 {[%clk 00:00:55]} {[%emt 00:01:58]} Bxe4 {[%clk 00:07:17]}
{[%emt 00:00:55]} 30. Kb3 {[%clk 00:00:37]} {[%emt 00:00:48]} Bxc2+ {[%clk
00:06:49]} {[%emt 00:00:58]} 31. Kc4 {[%clk 00:01:00]} {[%emt 00:00:07]} b5+
{[%clk 00:07:00]} {[%emt 00:00:19]} 32. Nxb5 {[%clk 00:01:10]} {[%emt
00:00:20]} axb5+ {[%clk 00:07:22]} {[%emt 00:00:08]} 33. Kxb5 {[%clk 00:01:29]}
{[%emt 00:00:11]} Rf2 {[%emt 00:04:37]} 34. Rxf2 Bxf2 {[%clk 00:03:14]} 35. h3
{[%clk 00:01:46]} {[%emt 00:00:46]} h5 {[%clk 00:02:28]} {[%emt 00:01:43]} 36.
hxg4 {[%clk 00:01:51]} {[%emt 00:00:25]} hxg4 {[%clk 00:02:56]} {[%emt
00:00:03]} 37. Be2 {[%clk 00:01:35]} {[%emt 00:00:46]} Bf5 {[%clk 00:03:18]}
{[%emt 00:00:07]} 38. Kc4 {[%clk 00:01:21]} {[%emt 00:00:45]} Bxg3 {[%clk
00:03:28]} {[%emt 00:00:20]} 39. Bxg4 {[%clk 00:01:32]} {[%emt 00:00:19]} Bxg4
{[%clk 00:03:52]} {[%emt 00:00:06]} 40. b5 {[%clk 00:01:56]} {[%emt 00:00:07]}
Kb7 {[%clk 00:04:17]} {[%emt 00:00:05]} 41. Kd5 {[%clk 00:02:20]} {[%emt
00:00:05]} Kb6 {[%clk 00:04:41]} {[%emt 00:00:06]} 42. Ke4 {[%clk 00:02:43]}
{[%emt 00:00:08]} Kxb5 {[%clk 00:05:03]} {[%emt 00:00:08]} 43. Kd5 {[%clk
00:03:07]} {[%emt 00:00:06]} Bf5 {[%clk 00:03:18]} {[%emt 00:02:15]} 44. Kd4
{[%clk 00:03:25]} {[%emt 00:00:12]} Kc6 {[%clk 00:03:29]} {[%emt 00:00:19]} 45.
Kc4 {[%clk 00:03:45]} {[%emt 00:00:09]} Be5 {[%clk 00:03:50]} {[%emt 00:00:09]}
46. Kb4 {[%clk 00:04:07]} {[%emt 00:00:08]} Bd3 {[%clk 00:04:02]} {[%emt
00:00:18]} 47. Ka5 {[%clk 00:04:25]} {[%emt 00:00:12]} Bd4 {[%clk 00:03:45]}
{[%emt 00:00:47]} 48. Kb4 {[%clk 00:04:49]} {[%emt 00:00:07]} Kb6 {[%clk
00:04:06]} {[%emt 00:00:09]} 49. Ka4 {[%clk 00:05:06]} {[%emt 00:00:13]} Kc5
{[%clk 00:04:14]} {[%emt 00:00:22]} 50. Ka5 {[%clk 00:05:22]} {[%emt 00:00:14]}
Bc3+ {[%clk 00:04:24]} {[%emt 00:00:20]} 51. Ka4 {[%clk 00:05:44]} {[%emt
00:00:08]} Bc2+ {[%clk 00:03:51]} {[%emt 00:01:03]} 52. Ka3 {[%clk 00:06:08]}
{[%emt 00:00:07]} Kb5 {[%clk 00:03:52]} {[%emt 00:00:28]} 53. Ka2 {[%clk
00:06:32]} {[%emt 00:00:06]} Kc4 {[%clk 00:27:40]} {[%emt 00:06:41]} 54. Ka3
{[%clk 00:36:50]} {[%emt 00:00:12]} Bb4+ {[%clk 00:28:03]} {[%emt 00:00:08]} 55.
Kb2 {[%clk 00:37:03]} {[%emt 00:00:18]} Ba4 {[%clk 00:28:14]} {[%emt 00:00:18]}
56. Ka2 {[%clk 00:36:50]} {[%emt 00:00:44]} Kc3 {[%clk 00:28:33]} {[%emt
00:00:12]} 57. Kb1 {[%clk 00:36:58]} {[%emt 00:00:21]} Bd7 {[%clk 00:24:48]}
{[%emt 00:04:14]} 58. Kc1 {[%clk 00:37:04]} {[%emt 00:00:25]} Bg4 {[%clk
00:25:10]} {[%emt 00:00:07]} 59. Kb1 {[%clk 00:37:27]} {[%emt 00:00:07]} Be7
{[%clk 00:25:21]} {[%emt 00:00:19]} 60. Kc1 {[%clk 00:37:19]} {[%emt 00:00:38]}
Bg5+ {[%clk 00:25:33]} {[%emt 00:00:18]} 61. Kb1 {[%clk 00:37:36]} {[%emt
00:00:14]} Kb3 {[%clk 00:25:49]} {[%emt 00:00:14]} 62. Ka1 {[%clk 00:37:56]}
{[%emt 00:00:10]} Bh5 {[%clk 00:25:58]} {[%emt 00:00:20]} 0-1

[Event "NK21_Hoogeveen Open"]
[Site "Hoogeveen, Netherlands"]
[Date "2021.10.19"]
[Round "5.2"]
[White "De Winter, Arthur"]
[Black "Tabak, Stefan"]
[Result "1/2-1/2"]
[WhiteElo "2034"]
[BlackElo "2168"]

1. e4 {[%clk 01:30:57]} {[%emt 00:00:02]} c5 {[%clk 01:30:56]} {[%emt
00:00:04]} 2. Nf3 {[%clk 01:31:20]} {[%emt 00:00:07]} Nc6 {[%clk 01:31:21]}
{[%emt 00:00:05]} 3. d4 {[%clk 01:31:42]} {[%emt 00:00:07]} cxd4 {[%clk
01:31:47]} {[%emt 00:00:04]} 4. Nxd4 {[%clk 01:32:07]} {[%emt 00:00:05]} e5
{[%clk 01:32:11]} {[%emt 00:00:06]} 5. Nb5 {[%clk 01:32:33]} {[%emt 00:00:05]}
d6 {[%clk 01:32:36]} {[%emt 00:00:04]} 6. N1c3 {[%clk 01:33:00]} {[%emt
00:00:04]} a6 {[%clk 01:32:59]} {[%emt 00:00:07]} 7. Na3 {[%clk 01:33:26]}
{[%emt 00:00:04]} Be6 {[%clk 01:33:23]} {[%emt 00:00:06]} 8. Nc4 {[%clk
01:33:47]} {[%emt 00:00:09]} Rb8 {[%clk 01:33:46]} {[%emt 00:00:06]} 9. g3
{[%clk 01:34:08]} {[%emt 00:00:09]} h5 {[%clk 01:34:01]} {[%emt 00:00:15]} 10.
h3 {[%clk 01:34:25]} {[%emt 00:00:14]} b5 {[%clk 01:26:14]} {[%emt 00:08:17]}
11. Ne3 {[%clk 01:34:27]} {[%emt 00:00:28]} Nf6 {[%clk 01:26:24]} {[%emt
00:00:19]} 12. Bg2 {[%clk 01:31:47]} {[%emt 00:03:10]} Nd4 {[%clk 01:18:13]}
{[%emt 00:08:42]} 13. Ncd5 {[%clk 01:25:55]} {[%emt 00:06:23]} Nxd5 {[%clk
01:18:06]} {[%emt 00:00:37]} 14. Nxd5 {[%clk 01:25:25]} {[%emt 00:00:59]} Bxd5
{[%clk 01:18:26]} {[%emt 00:00:10]} 15. exd5 {[%clk 01:25:49]} {[%emt
00:00:07]} g6 {[%clk 01:13:23]} {[%emt 00:05:33]} 16. Bd2 {[%clk 01:15:45]}
{[%emt 00:10:34]} Bg7 {[%clk 01:05:38]} {[%emt 00:08:14]} 17. O-O {[%clk
01:12:40]} {[%emt 00:03:36]} Qd7 {[%clk 00:57:15]} {[%emt 00:08:53]} 18. Bb4
{[%clk 01:00:57]} {[%emt 00:12:13]} Nf5 {[%clk 00:53:32]} {[%emt 00:04:12]} 19.
Re1 {[%clk 00:47:08]} {[%emt 00:14:19]} O-O {[%clk 00:53:27]} {[%emt 00:00:34]}
20. Bf1 {[%clk 00:45:14]} {[%emt 00:02:24]} Rfe8 {[%clk 00:48:33]} {[%emt
00:05:24]} 21. Qd3 {[%clk 00:39:27]} {[%emt 00:06:18]} Rbc8 {[%clk 00:40:41]}
{[%emt 00:08:22]} 22. a4 {[%clk 00:37:36]} {[%emt 00:02:22]} bxa4 {[%clk
00:28:05]} {[%emt 00:13:06]} 23. Qxa6 {[%clk 00:35:54]} {[%emt 00:02:11]} Nd4
{[%clk 00:26:53]} {[%emt 00:01:41]} 24. Red1 {[%clk 00:35:04]} {[%emt
00:01:21]} Rxc2 {[%clk 00:17:30]} {[%emt 00:09:54]} 25. Qxa4 {[%clk 00:31:11]}
{[%emt 00:04:22]} Qxa4 {[%clk 00:13:31]} {[%emt 00:04:30]} 26. Rxa4 {[%clk
00:31:36]} {[%emt 00:00:05]} e4 {[%clk 00:11:12]} {[%emt 00:02:49]} 27. Bg2
{[%clk 00:29:44]} {[%emt 00:02:21]} e3 {[%clk 00:06:16]} {[%emt 00:05:27]} 28.
fxe3 {[%clk 00:29:21]} {[%emt 00:00:53]} Rxe3 {[%clk 00:04:47]} {[%emt
00:01:58]} 29. Rd2 {[%clk 00:25:20]} {[%emt 00:04:31]} Rxd2 {[%clk 00:01:52]}
{[%emt 00:03:26]} 30. Bxd2 {[%clk 00:25:45]} {[%emt 00:00:05]} Rxg3 {[%clk
00:01:35]} {[%emt 00:00:47]} 31. Bf4 {[%clk 00:22:57]} {[%emt 00:03:18]} Rd3
{[%clk 00:01:04]} {[%emt 00:01:00]} 32. Bxd6 {[%clk 00:22:32]} {[%emt
00:00:55]} Nf5 {[%clk 00:01:24]} {[%emt 00:00:10]} 33. Bf4 {[%clk 00:20:56]}
{[%emt 00:02:07]} Bxb2 {[%clk 00:00:48]} {[%emt 00:01:06]} 34. Be4 {[%clk
00:19:18]} {[%emt 00:02:09]} Rxh3 {[%clk 00:00:39]} {[%emt 00:00:38]} 35. d6
{[%clk 00:15:36]} {[%emt 00:04:12]} Nxd6 {[%clk 00:00:38]} {[%emt 00:00:31]} 36.
Bxd6 {[%clk 00:15:58]} {[%emt 00:00:08]} Re3 {[%clk 00:00:40]} {[%emt
00:00:28]} 37. Kf2 {[%clk 00:15:43]} {[%emt 00:00:45]} Rb3 {[%clk 00:00:33]}
{[%emt 00:00:37]} 38. Kg2 {[%clk 00:14:16]} {[%emt 00:01:57]} Kg7 {[%clk
00:00:42]} {[%emt 00:00:22]} 39. Ra7 {[%clk 00:14:01]} {[%emt 00:00:45]} Bd4
{[%clk 00:00:46]} {[%emt 00:00:26]} 40. Rd7 {[%clk 00:13:11]} {[%emt 00:01:20]}
Rb2+ {[%clk 00:00:59]} {[%emt 00:00:17]} 41. Kh1 {[%clk 00:12:44]} {[%emt
00:00:56]} h4 {[%clk 00:25:05]} {[%emt 00:06:23]} 42. Ba3 {[%clk 00:41:55]}
{[%emt 00:01:20]} Ra2 {[%clk 00:25:10]} {[%emt 00:00:26]} 43. Rxf7+ {[%clk
00:42:00]} {[%emt 00:00:25]} 1/2-1/2

[Event "NK21_Hoogeveen Open"]
[Site "Hoogeveen, Netherlands"]
[Date "2021.10.19"]
[Round "5.3"]
[White "Meurs, Tom"]
[Black "Shakhverdian, William"]
[Result "1-0"]
[WhiteElo "2217"]
[BlackElo "2067"]

1. e4 {[%clk 01:30:57]} {[%emt 00:00:02]} e5 {[%clk 01:30:44]} {[%emt
00:00:16]} 2. Nf3 {[%clk 01:31:19]} {[%emt 00:00:08]} Nc6 {[%clk 01:31:00]}
{[%emt 00:00:15]} 3. Bb5 {[%clk 01:31:39]} {[%emt 00:00:11]} a6 {[%clk
01:30:52]} {[%emt 00:00:38]} 4. Ba4 {[%clk 01:32:03]} {[%emt 00:00:06]} Nf6
{[%clk 01:30:57]} {[%emt 00:00:25]} 5. O-O {[%clk 01:32:23]} {[%emt 00:00:10]}
Be7 {[%clk 01:31:05]} {[%emt 00:00:21]} 6. d3 {[%clk 01:32:40]} {[%emt
00:00:13]} b5 {[%clk 01:31:29]} {[%emt 00:00:06]} 7. Bb3 {[%clk 01:33:06]}
{[%emt 00:00:04]} O-O {[%clk 01:31:51]} {[%emt 00:00:08]} 8. Nc3 {[%clk
01:33:29]} {[%emt 00:00:07]} d6 {[%clk 01:31:30]} {[%emt 00:00:51]} 9. a3
{[%clk 01:33:54]} {[%emt 00:00:06]} Bg4 {[%clk 01:27:29]} {[%emt 00:04:30]} 10.
Be3 {[%clk 01:33:46]} {[%emt 00:00:38]} Nd4 {[%clk 01:25:12]} {[%emt 00:02:47]}
11. Bxd4 {[%clk 01:34:05]} {[%emt 00:00:09]} exd4 {[%clk 01:25:34]} {[%emt
00:00:10]} 12. Nd5 {[%clk 01:34:29]} {[%emt 00:00:06]} c6 {[%clk 01:19:04]}
{[%emt 00:07:00]} 13. h3 {[%clk 01:34:40]} {[%emt 00:00:19]} Bxf3 {[%clk
01:06:29]} {[%emt 00:13:05]} 14. Nxf6+ {[%clk 01:35:02]} {[%emt 00:00:08]} Bxf6
{[%clk 01:06:47]} {[%emt 00:00:12]} 15. Qxf3 {[%clk 01:35:27]} {[%emt
00:00:05]} Qd7 {[%clk 00:53:38]} {[%emt 00:13:39]} 16. a4 {[%clk 01:35:33]}
{[%emt 00:00:24]} Kh8 {[%clk 00:52:32]} {[%emt 00:01:34]} 17. Qg4 {[%clk
01:33:51]} {[%emt 00:02:12]} Qxg4 {[%clk 00:47:56]} {[%emt 00:05:06]} 18. hxg4
{[%clk 01:34:15]} {[%emt 00:00:06]} g6 {[%clk 00:46:06]} {[%emt 00:02:21]} 19.
axb5 {[%clk 01:32:23]} {[%emt 00:02:23]} axb5 {[%clk 00:44:08]} {[%emt
00:02:26]} 20. Rxa8 {[%clk 01:31:35]} {[%emt 00:01:18]} Rxa8 {[%clk 00:44:33]}
{[%emt 00:00:05]} 21. Bxf7 {[%clk 01:31:42]} {[%emt 00:00:23]} Kg7 {[%clk
00:42:47]} {[%emt 00:02:15]} 22. Bb3 {[%clk 01:31:37]} {[%emt 00:00:36]} g5
{[%clk 00:42:21]} {[%emt 00:00:56]} 23. g3 {[%clk 01:31:31]} {[%emt 00:00:35]}
Ra7 {[%clk 00:42:33]} {[%emt 00:00:19]} 24. f4 {[%clk 01:28:59]} {[%emt
00:03:02]} h6 {[%clk 00:41:46]} {[%emt 00:01:17]} 25. Kg2 {[%clk 01:28:33]}
{[%emt 00:00:56]} c5 {[%clk 00:39:24]} {[%emt 00:02:52]} 26. Bd5 {[%clk
01:27:07]} {[%emt 00:01:57]} c4 {[%clk 00:34:58]} {[%emt 00:04:56]} 27. dxc4
{[%clk 01:25:41]} {[%emt 00:01:56]} b4 {[%clk 00:35:23]} {[%emt 00:00:05]} 28.
c5 {[%clk 01:24:13]} {[%emt 00:01:58]} gxf4 {[%clk 00:33:02]} {[%emt 00:02:50]}
29. gxf4 {[%clk 01:24:16]} {[%emt 00:00:27]} dxc5 {[%clk 00:31:52]} {[%emt
00:01:40]} 30. e5 {[%clk 01:24:37]} {[%emt 00:00:09]} Bd8 {[%clk 00:32:09]}
{[%emt 00:00:14]} 31. f5 {[%clk 01:24:41]} {[%emt 00:00:26]} Bg5 {[%clk
00:31:44]} {[%emt 00:00:54]} 32. f6+ {[%clk 01:24:50]} {[%emt 00:00:21]} 1-0

[Event "NK21_Hoogeveen Open"]
[Site "Hoogeveen, Netherlands"]
[Date "2021.10.19"]
[Round "5.4"]
[White "Willemsma, Abe"]
[Black "Hovenga, Alje"]
[Result "1/2-1/2"]
[WhiteElo "2095"]
[BlackElo "2212"]

1. e4 {[%clk 01:30:53]} {[%emt 00:00:05]} c5 {[%clk 01:30:41]} {[%emt
00:00:20]} 2. Nf3 {[%clk 01:31:07]} {[%emt 00:00:14]} Nc6 {[%clk 01:30:12]}
{[%emt 00:01:00]} 3. d4 {[%clk 01:30:33]} {[%emt 00:01:03]} cxd4 {[%clk
01:29:55]} {[%emt 00:00:48]} 4. Nxd4 {[%clk 01:30:42]} {[%emt 00:00:21]} Nf6
{[%clk 01:29:51]} {[%emt 00:00:34]} 5. Nc3 {[%clk 01:30:33]} {[%emt 00:00:39]}
d6 {[%clk 01:24:45]} {[%emt 00:05:38]} 6. Bg5 {[%clk 01:27:27]} {[%emt
00:03:34]} Bd7 {[%clk 01:21:41]} {[%emt 00:03:35]} 7. Qd2 {[%clk 01:25:22]}
{[%emt 00:02:34]} Nxd4 {[%clk 01:18:54]} {[%emt 00:03:18]} 8. Qxd4 {[%clk
01:25:11]} {[%emt 00:00:41]} Qa5 {[%clk 01:19:08]} {[%emt 00:00:16]} 9. f4
{[%clk 01:22:10]} {[%emt 00:03:29]} Rc8 {[%clk 01:13:50]} {[%emt 00:05:50]} 10.
e5 {[%clk 01:17:56]} {[%emt 00:04:44]} dxe5 {[%clk 01:10:18]} {[%emt 00:04:03]}
11. fxe5 {[%clk 01:15:52]} {[%emt 00:02:33]} e6 {[%clk 01:09:46]} {[%emt
00:01:03]} 12. O-O-O {[%clk 01:12:42]} {[%emt 00:03:39]} Bc6 {[%clk 01:06:18]}
{[%emt 00:03:58]} 13. Bb5 {[%clk 01:09:09]} {[%emt 00:04:03]} Nd5 {[%clk
01:05:08]} {[%emt 00:01:40]} 14. Nxd5 {[%clk 01:07:19]} {[%emt 00:02:20]} Bxb5
{[%clk 01:04:46]} {[%emt 00:00:52]} 15. Qxa7 {[%clk 01:06:54]} {[%emt
00:00:55]} Bb4 {[%clk 01:02:45]} {[%emt 00:02:32]} 16. Qxa5 {[%clk 01:06:26]}
{[%emt 00:00:57]} Bxa5 {[%clk 01:03:08]} {[%emt 00:00:07]} 17. b4 {[%clk
01:06:31]} {[%emt 00:00:24]} exd5 {[%clk 01:03:14]} {[%emt 00:00:24]} 18. bxa5
{[%clk 01:06:54]} {[%emt 00:00:09]} Bc4 {[%clk 01:03:04]} {[%emt 00:00:37]}
1/2-1/2

[Event "NK21_Hoogeveen Open"]
[Site "Hoogeveen, Netherlands"]
[Date "2021.10.19"]
[Round "5.5"]
[White "Van Den Berg, Bram"]
[Black "Boersma, Jan"]
[Result "1-0"]
[WhiteElo "2209"]
[BlackElo "2049"]

1. e4 {[%clk 01:29:46]} {[%emt 00:01:13]} c5 {[%clk 01:30:55]} {[%emt
00:00:05]} 2. b3 {[%clk 01:28:14]} {[%emt 00:02:03]} g6 {[%clk 01:24:16]}
{[%emt 00:07:09]} 3. Bb2 {[%clk 01:25:17]} {[%emt 00:03:26]} Nf6 {[%clk
01:24:41]} {[%emt 00:00:05]} 4. Nc3 {[%clk 01:20:38]} {[%emt 00:05:09]} d6
{[%clk 01:20:36]} {[%emt 00:04:34]} 5. Nd5 {[%clk 01:15:22]} {[%emt 00:05:47]}
Bg7 {[%clk 01:19:35]} {[%emt 00:01:31]} 6. Bb5+ {[%clk 01:14:45]} {[%emt
00:01:06]} Bd7 {[%clk 01:19:01]} {[%emt 00:01:04]} 7. Nxf6+ {[%clk 01:14:45]}
{[%emt 00:00:29]} exf6 {[%clk 01:17:55]} {[%emt 00:01:37]} 8. Bxd7+ {[%clk
01:15:06]} {[%emt 00:00:09]} Qxd7 {[%clk 01:18:13]} {[%emt 00:00:13]} 9. Qf3
{[%clk 01:11:20]} {[%emt 00:04:16]} Nc6 {[%clk 01:07:52]} {[%emt 00:10:51]} 10.
Bxf6 {[%clk 01:06:40]} {[%emt 00:05:10]} Nd4 {[%clk 01:05:41]} {[%emt
00:02:41]} 11. Bxd4 {[%clk 01:03:22]} {[%emt 00:03:48]} cxd4 {[%clk 01:05:52]}
{[%emt 00:00:19]} 12. Qd3 {[%clk 01:03:46]} {[%emt 00:00:06]} O-O {[%clk
01:05:35]} {[%emt 00:00:48]} 13. Ne2 {[%clk 01:02:43]} {[%emt 00:01:33]} Rfe8
{[%clk 01:01:24]} {[%emt 00:04:41]} 14. O-O {[%clk 00:59:31]} {[%emt 00:03:40]}
Qe7 {[%clk 00:42:24]} {[%emt 00:19:33]} 15. Ng3 {[%clk 00:57:42]} {[%emt
00:02:19]} h5 {[%clk 00:42:36]} {[%emt 00:00:17]} 16. Rae1 {[%clk 00:55:09]}
{[%emt 00:03:04]} h4 {[%clk 00:35:13]} {[%emt 00:07:53]} 17. Nh1 {[%clk
00:51:30]} {[%emt 00:04:07]} Rac8 {[%clk 00:22:30]} {[%emt 00:13:15]} 18. f3
{[%clk 00:47:53]} {[%emt 00:04:07]} Rc5 {[%clk 00:15:17]} {[%emt 00:07:43]} 19.
f4 {[%clk 00:39:32]} {[%emt 00:08:51]} Qc7 {[%clk 00:10:37]} {[%emt 00:05:10]}
20. f5 {[%clk 00:35:19]} {[%emt 00:04:43]} Be5 {[%clk 00:03:42]} {[%emt
00:07:25]} 21. fxg6 {[%clk 00:33:58]} {[%emt 00:01:50]} fxg6 {[%clk 00:04:08]}
{[%emt 00:00:06]} 22. Nf2 {[%clk 00:33:55]} {[%emt 00:00:32]} Rf8 {[%clk
00:02:07]} {[%emt 00:02:33]} 23. Ng4 {[%clk 00:31:51]} {[%emt 00:02:33]} Rxf1+
{[%clk 00:02:30]} {[%emt 00:00:07]} 24. Rxf1 {[%clk 00:32:12]} {[%emt
00:00:08]} Rxc2 {[%clk 00:02:47]} {[%emt 00:00:14]} 25. Nh6+ {[%clk 00:28:14]}
{[%emt 00:04:28]} Kh8 {[%clk 00:02:13]} {[%emt 00:01:05]} 26. Rf8+ {[%clk
00:27:04]} {[%emt 00:01:40]} Kg7 {[%clk 00:02:39]} {[%emt 00:00:04]} 27. Rf7+
{[%clk 00:27:31]} {[%emt 00:00:03]} Kxh6 {[%clk 00:03:02]} {[%emt 00:00:07]} 28.
Rxc7 {[%clk 00:27:51]} {[%emt 00:00:10]} Rxc7 {[%clk 00:03:29]} {[%emt
00:00:03]} 29. Kf2 {[%clk 00:26:24]} {[%emt 00:01:57]} Rf7+ {[%clk 00:02:25]}
{[%emt 00:01:34]} 30. Ke2 {[%clk 00:23:42]} {[%emt 00:03:12]} Rc7 {[%clk
00:02:18]} {[%emt 00:00:37]} 31. Qh3 {[%clk 00:23:20]} {[%emt 00:00:52]} Kg5
{[%clk 00:02:29]} {[%emt 00:00:19]} 32. Kd3 {[%clk 00:23:16]} {[%emt 00:00:35]}
a6 {[%clk 00:02:25]} {[%emt 00:00:35]} 33. a4 {[%clk 00:18:45]} {[%emt
00:05:00]} Rh7 {[%clk 00:02:03]} {[%emt 00:00:53]} 34. b4 {[%clk 00:16:05]}
{[%emt 00:03:10]} Rc7 {[%clk 00:02:01]} {[%emt 00:00:31]} 35. a5 {[%clk
00:14:04]} {[%emt 00:02:31]} Rh7 {[%clk 00:01:47]} {[%emt 00:00:45]} 36. Qc8
{[%clk 00:10:49]} {[%emt 00:03:44]} Rg7 {[%clk 00:01:36]} {[%emt 00:00:42]} 37.
h3 {[%clk 00:10:28]} {[%emt 00:00:50]} Rh7 {[%clk 00:01:51]} {[%emt 00:00:11]}
38. Kc4 {[%clk 00:10:26]} {[%emt 00:00:35]} Kf6 {[%clk 00:02:01]} {[%emt
00:00:21]} 39. Kd5 {[%clk 00:10:33]} {[%emt 00:00:22]} Re7 {[%clk 00:02:10]}
{[%emt 00:00:22]} 40. Qd8 {[%clk 00:09:29]} {[%emt 00:01:34]} Kf7 {[%clk
00:01:54]} {[%emt 00:00:47]} 41. d3 {[%clk 00:05:40]} {[%emt 00:04:19]} g5
{[%clk 00:21:06]} {[%emt 00:11:18]} 42. Kc4 {[%clk 00:32:38]} {[%emt 00:03:32]}
Kf6 {[%clk 00:20:13]} {[%emt 00:01:24]} 43. b5 {[%clk 00:31:44]} {[%emt
00:01:24]} axb5+ {[%clk 00:19:46]} {[%emt 00:00:57]} 44. Kxb5 {[%clk 00:32:08]}
{[%emt 00:00:06]} Bf4 {[%clk 00:13:29]} {[%emt 00:06:47]} 45. Kb6 {[%clk
00:24:18]} {[%emt 00:08:20]} Bd2 {[%clk 00:12:30]} {[%emt 00:01:30]} 46. Qh8
{[%clk 00:24:10]} {[%emt 00:00:37]} Kf7 {[%clk 00:08:46]} {[%emt 00:04:14]} 47.
Qxd4 {[%clk 00:23:35]} {[%emt 00:01:05]} Bf4 {[%clk 00:08:04]} {[%emt
00:01:12]} 48. Qd5+ {[%clk 00:22:01]} {[%emt 00:02:04]} Kf8 {[%clk 00:08:12]}
{[%emt 00:00:23]} 49. Ka7 {[%clk 00:19:20]} {[%emt 00:03:11]} Kg7 {[%clk
00:07:38]} {[%emt 00:01:04]} 50. Kb8 {[%clk 00:18:40]} {[%emt 00:01:10]} Kf6
{[%clk 00:07:37]} {[%emt 00:00:31]} 51. Kc8 {[%clk 00:17:43]} {[%emt 00:01:27]}
Rf7 {[%clk 00:07:17]} {[%emt 00:00:50]} 52. d4 {[%clk 00:16:41]} {[%emt
00:01:31]} Re7 {[%clk 00:07:35]} {[%emt 00:00:13]} 53. Kd8 {[%clk 00:12:35]}
{[%emt 00:04:35]} Rf7 {[%clk 00:07:44]} {[%emt 00:00:21]} 54. Ke8 {[%clk
00:12:38]} {[%emt 00:00:27]} Rc7 {[%clk 00:08:02]} {[%emt 00:00:13]} 55. e5+
{[%clk 00:12:14]} {[%emt 00:00:53]} Kg7 {[%clk 00:07:20]} {[%emt 00:01:12]} 56.
exd6 {[%clk 00:12:17]} {[%emt 00:00:27]} Rc8+ {[%clk 00:07:31]} {[%emt
00:00:19]} 57. Kd7 {[%clk 00:12:41]} {[%emt 00:00:06]} Rf8 {[%clk 00:07:30]}
{[%emt 00:00:32]} 58. Qxb7 {[%clk 00:12:12]} {[%emt 00:00:58]} 1-0